Guru Message / (Record no. 172264)

MARC details
000 -LEADER
fixed length control field 00589nam a22001937a 4500
005 - DATE AND TIME OF LATEST TRANSACTION
control field 20200130151133.0
010 ## - LCCN (DPL NO)
LC control number ENG-127579
020 ## - INTERNATIONAL STANDARD BOOK NUMBER
International Standard Book Number 9788176472630
Terms of availability 495.00
035 ## - SYSTEM CONTROL NUMBER
System control number EN-111111
037 ## - SOURCE OF ACQUISITION
Source of stock number/acquisition DBAD/PUB
082 ## - DEWEY DECIMAL CLASSIFICATION NUMBER
Classification number 260
100 ## - MAIN ENTRY--PERSONAL NAME
Personal name Gurdeep Singh
245 ## - TITLE STATEMENT
Title Guru Message /
Statement of responsibility, etc by Gurdeep Singh
260 ## - PUBLICATION, DISTRIBUTION, ETC. (IMPRINT)
Place of publication, distribution, etc Ludhiana
Name of publisher, distributor, etc Lahore Books
Date of publication, distribution, etc 2019
270 ## - ADDRESS
City Ludhiana
Address 2, Lajpat Rai Market, Near Society Cinema
Postal code 141008
Electronic mail address www.lahorepublishers.com
300 ## - PHYSICAL DESCRIPTION
Extent 408p.
Other physical details 23cm(hb)
500 ## - GENERAL NOTE
General note include bibliographical references
942 ## - ADDED ENTRY ELEMENTS (KOHA)
Source of classification or shelving scheme Dewey Decimal Classification
Item type English Books
Classification part 260
Call number suffix GUR
Holdings
Withdrawn status Lost status Not for loan Collection code Home library Current library Date acquired Source of acquisition Cost, normal purchase price Full call number Barcode Copy number Cost, replacement price Koha item type
      Non-fiction Sarojini Nagar Sarojini Nagar 30/01/2020 DBAD/PUB 495.00 260 GUR EN-111111 1 495.00 English Books

© Delhi Public Library
Hit Counter
free hit counter